| 000 | 00795nam a2200241Ia 4500 | ||
|---|---|---|---|
| 003 | GCL | ||
| 005 | 20240530104710.0 | ||
| 008 | 140319s1973 ua h f 000 0 ara d | ||
| 017 | _a1973/4963 | ||
| 040 |
_aGCL / _cGCL |
||
| 082 | 0 | 4 |
_a791.438/ _bو د |
| 110 | 1 | _aوزارة الثقافة | |
| 245 | 1 | 0 |
_aدليل السينما 1972 / _cوزارة الثقافة |
| 260 |
_aالقاهرة : _bالمركز الفنى للصور المرئية، _c1973. |
||
| 300 |
_a206 ص. : _bصور ؛ _c24 سم. |
||
| 490 |
_aالهيئة العامة للاستعلامات _v0 |
||
| 650 | 0 | 4 | _aالافلام السينمائية |
| 650 | 0 | 4 | _aالسينما |
| 650 | 0 | 4 | _aالافلام التسجيلية |
| 650 | 0 | 4 | _aالسينما - مصر |
| 700 | 1 | _aنبيل شفيق | |
| 942 |
_2ddc _cBK |
||
| 999 |
_c49957 _d49957 |
||